Chimie physique (Record no. 20895)

000 -LEADER
fixed length control field 00455nam a2200157I 4500
020 ## - INTERNATIONAL STANDARD BOOK NUMBER
ISBN 9780803104914
040 ## - CATALOGING SOURCE
Transcribing agency TXA
082 ## - DEWEY DECIMAL CLASSIFICATION NUMBER
Classification number ATK CHI 1978 C147 Or.
100 1# - MAIN ENTRY--AUTHOR NAME
Personal name Emschwiller, Guy,
245 10 - TITLE STATEMENT
Title Chimie physique
250 ## - EDITION STATEMENT
Edition statement [1. ©♭dition]
300 ## - PHYSICAL DESCRIPTION
Number of Pages 3 volumes (1,452 pages) ;
Dimensions 20 cm
490 0# - SERIES STATEMENT
Series statement "Euclide," introduction aux ©♭tudes scientifiques. 4. Section: Chimie
650 #0 - SUBJECT ADDED ENTRY--TOPICAL TERM
Topical Term Chemistry, Physical and theoretical.
942 ## - ADDED ENTRY ELEMENTS (KOHA)
Koha item type ADB
952 ## - LOCATION AND ITEM INFORMATION (KOHA)
Withdrawn status [LOCAL, KOHA] 0
Holdings
Permanent Location Date acquired Koha item type Lost status Shelving location Barcode Current Location Full call number
Library Block C2023-01-12ADB C147a18316Library Block CATK CHI 1978 C147 Or.
មជ្ឈមណ្ឌលឯការនៃសាកលវិទ្យាល័យភូមិន្ទកសិកម្មចំការដូង

Powered by Koha